Statistics for Guess the Countries Being Drawn

Click here to take the quiz!

General Stats

  • This quiz has been taken 156,766 times
  • The average score is 7 of 16

Answers on the Map

Answers color-coded by a green-red scale on the quiz's map according to % correct below.
 

Answer Stats

% Correct
United Kingdom
60%
China
59%
Italy
59%
United States
59%
Australia
58%
Mexico
58%
Chile
57%
Russia
57%
South Africa
57%
Spain
57%
Brazil
56%
Egypt
56%
France
56%
India
56%
Japan
56%
Norway
56%
Thailand
56%
Cuba
55%
Cyprus
55%
Greece
55%
Israel
55%
New Zealand
55%
Argentina
54%
Austria
54%
Croatia
54%
Sweden
54%
Turkey
54%
Vietnam
54%
Iceland
53%
Laos
53%
Libya
53%
Madagascar
53%
Morocco
53%
Ukraine
53%
Germany
52%
Ireland
52%
Mali
52%
Myanmar
52%
Namibia
51%
Panama
51%
Papua New Guinea
51%
Senegal
51%
Somalia
51%
Switzerland
51%
Benin
50%
Gambia
50%
Nepal
50%
Portugal
50%
Democratic Republic
of the Congo
49%
Denmark
49%
Pakistan
49%
Saudi Arabia
49%
Sri Lanka
49%
Algeria
48%
Bangladesh
48%
Chad
48%
Finland
48%
Uzbekistan
48%
Vatican City
48%
Angola
47%
Iran
47%
Malaysia
47%
Monaco
47%
Netherlands
47%
Oman
47%
Peru
47%
Yemen
47%
Bosnia and Herzegovina
46%
Czech Republic
46%
Ethiopia
46%
Iraq
46%
Kazakhstan
46%
Mozambique
46%
Haiti
45%
Moldova
45%
North Korea
45%
Poland
45%
Taiwan
45%
United Arab Emirates
45%
Afghanistan
44%
Albania
44%
Cameroon
44%
Eritrea
44%
Mauritania
44%
Niger
44%
Syria
44%
Venezuela
44%
Zambia
44%
Jordan
43%
Togo
43%
Bulgaria
42%
Georgia
42%
Tunisia
42%
Ghana
41%
Latvia
41%
Malawi
41%
Paraguay
40%
South Korea
40%
Trinidad and Tobago
40%
Azerbaijan
39%
Belgium
39%
Gabon
39%
Guyana
39%
Nicaragua
39%
Tajikistan
39%
Colombia
38%
Nigeria
38%
Tanzania
38%
Guinea
37%
Slovenia
37%
Botswana
36%
Costa Rica
36%
Estonia
36%
Jamaica
36%
Republic of the Congo
36%
Guatemala
35%
Ivory Coast
35%
Lithuania
35%
Malta
35%
Central African Republic
34%
Kyrgyzstan
34%
South Sudan
34%
Bolivia
33%
Kuwait
33%
Liberia
33%
Zimbabwe
33%
Belize
32%
Kenya
31%
Armenia
30%
Qatar
30%
Ecuador
29%
Lebanon
29%
Honduras
28%
Brunei
27%
Dominican Republic
26%
El Salvador
26%
Burundi
25%
Djibouti
25%
Sierra Leone
24%
Uruguay
24%
Lesotho
20%

Score Distribution

Percentile by Number Answered

Percent of People with Each Score

Your Score History

You have not taken this quiz